Mortalidad infantil, neonatal y postneonatal en algunos países de América Latina /
Señala la situación que se vive en América Latina, con respecto a la mortalidad infantil y sus componentes, así como la verificación de las mismas tendencias que se dan en las naciones europeas con respecto al descenso de la mortalidad infantil (Cuba, Chile y Costa Rica), y que por ello son los que...
Salvato in:
| Autore principale: | |
|---|---|
| Altri autori: | |
| Natura: | testo |
| Soggetti: | |
| Tags: |
Aggiungi Tag
Nessun Tag, puoi essere il primo ad aggiungerne!!
|
MARC
| LEADER | 00000 a a2200000 04500 | ||
|---|---|---|---|
| 001 | 10300 | ||
| 003 | |||
| 040 | |||
| 100 | |a Guzmán M, José Miguel | ||
| 245 | |a Mortalidad infantil, neonatal y postneonatal en algunos países de América Latina / |c José Miguel Guzmán M | ||
| 520 | |a Señala la situación que se vive en América Latina, con respecto a la mortalidad infantil y sus componentes, así como la verificación de las mismas tendencias que se dan en las naciones europeas con respecto al descenso de la mortalidad infantil (Cuba, Chile y Costa Rica), y que por ello son los que más cerca se encuentran de los niveles dados en países europeos. SM/EL | ||
| 650 | |a MORTALIDAD INFANTIL | ||
| 650 | |a REGISTRO CIVIL | ||
| 650 | |a DEMOGRAFIA | ||
| 650 | |a CAUSAS DE MUERTE | ||
| 650 | |a MORTALIDAD INFANTIL | ||
| 650 | |a CAUSAS DE MUERTE | ||
| 700 | |a Orellana, Hernán | ||
| 773 | |g número 44; páginas 31-66 | ||
| 999 | |c 25161 |d 25161 | ||
